Loading...
| Science - Chemistry | 0 | 4 | 0 | 0 | 40 | 88 | 93.75 | 1 | 4 |
| Religion | 1 | 1 | 0 | 0 | 25 | 58 | 67.00 | 1 | 2 |
| Fine Arts - Other Fine Arts | 0 | 1 | 0 | 0 | 10 | 128 | 128.00 | 0 | 1 |
| Mythology | 0 | 1 | 0 | 1 | 10 | 147 | 147.00 | 0 | 1 |
| Philosophy | 0 | 1 | 0 | 1 | 10 | 127 | 127.00 | 0 | 0 |
| Science - Biology | 0 | 1 | 0 | 0 | 10 | 104 | 104.00 | 0 | 1 |
| Fine Arts - Visual Fine Arts | 0 | 1 | 1 | 0 | 5 | 137 | 137.00 | 0 | 1 |
| Literature - American Literature | 0 | 0 | 0 | 0 | 0 | 0.00 | 0 | 0 | |
| Social Science | 0 | 0 | 0 | 0 | 0 | 0.00 | 0 | 0 | |
| Literature - World Literature | 0 | 0 | 1 | 0 | -5 | 0.00 | 0 | 0 | |
| Science - Physics | 0 | 0 | 1 | 0 | -5 | 0.00 | 0 | 0 |